000 01250nam a2200217Ia 4500
003 Ost
005 20260507075734.0
008 260507s9999||||xx |||||||||||||| ||und||
020 _a9775160993
040 _cfsecg
041 _aara
082 _a346.04
100 _aالصغير، حسام الدين عبد الغني
_eمؤلف
245 0 _aالجديد في العلامات التجارية :
_bفي ضوء قانون حماية حقوق الملكية الفكرية الجديد واتفاقية التربس /
_c حسام الدين عبد الغني الصغير
260 _aالاسكندرية:
_bدار الفكر الجامعي,
_c2004
300 _a231 صفحة؛
_bإيضاحات ؛
_c24 سم
520 _aتطور حماية العلامة التجارية في الإتفاقيات الدولية،الأحكام الجديدة للعلامة التجارية في قانون حماية حقوق الملكية الفكرية الجديد،إشراف منظمة التجارة العالمية على تنفيذ الدول الأعضاء لاتفاقية التربس
653 _aالعلامات التجارية-قوانين و تشريعات
653 _aحقوق التأليف و النشر
942 _cكتاب
999 _c46068
_d46068